La Mano1.9 - I'M SORRY - Statistiques

Statistiques générales
  • Ce quiz a été pris 64 fois
  • Le résultat moyen est 202 sur 362
Statistiques - réponses
Réponse % Correct
a
95%
à
95%
la
95%
la
95%
95%
ma
92%
so
92%
le
89%
pas
86%
de
84%
rien
84%
i'm
81%
les
81%
mano
81%
sorry
81%
un
81%
baby
76%
c'est
73%
j'suis
73%
marquer
73%
pour
73%
rue
73%
j'connais
70%
l'histoire
70%
même
70%
novice
70%
qu'
70%
une
70%
bande
68%
vices
65%
haineux
62%
j'ai
62%
mon
62%
oh
62%
t'es
62%
tes
62%
vie
62%
d'o
59%
Gaël
59%
que
59%
tu
59%
ans
57%
en
57%
on
57%
ou
57%
serrer
57%
t'sais
57%
au
54%
avec
54%
deux
54%
devise
54%
fait
54%
jean
54%
story
54%
ton
54%
ça
51%
connais
51%
dix
51%
galère
51%
j'dois
51%
série
51%
comme
49%
des
49%
du
49%
fils
49%
levis
49%
lois
49%
qu'j'suis
49%
tter-gra
49%
concu
46%
cul
46%
essoré
46%
gang
46%
instauré
46%
movie
46%
sans
46%
trou
46%
aucun
43%
espoir
43%
force
43%
j'fais
43%
sang
43%
thank
43%
toi
43%
y'a
43%
yo
43%
amiri
41%
appelle
41%
avocat
41%
chômage
41%
d'office
41%
fais
41%
mange
41%
ménage
41%
moi
41%
Monfils
41%
opps
41%
pourcents
41%
qui
41%
si
41%
ta
41%
t'a
41%
couler
38%
dans
38%
donne
38%
guerre
38%
jamais
38%
j'le
38%
j'te
38%
mets
38%
much
38%
passe
38%
préféré
38%
rappeur
38%
carrière
35%
devant
35%
gros
35%
il
35%
nous
35%
perdu
35%
vois
35%
catin
32%
cette
32%
demain
32%
enchaîné
32%
mais
32%
marche
32%
parce
32%
red
32%
samba
32%
court
30%
danses
30%
d'commis
30%
d'la
30%
est
30%
gala
30%
grah
30%
j'éteins
30%
plus
30%
soeur
30%
d'cent
27%
devils
27%
j'investis
27%
j'm'attacherai
27%
j'vais
27%
Kala
27%
mes
27%
mignon
27%
pote
27%
privé
27%
sépare
27%
veut
27%
ville
27%
cash
24%
content
24%
jours
24%
personne
24%
prévu
24%
tant
24%
tous
24%
tout
24%
c'était
22%
depuis
22%
j'becte
22%
m'invite
22%
prouver
22%
public
22%
quatre
22%
réelle
22%
salopard
22%
barber
19%
cer-us
19%
dégoutés
19%
doit
19%
j'rackettais
19%
assez
16%
àtté-gra
16%
qu'y
16%
sympa
14%
vrai
14%
brute
11%
senti
8%
cer-su
5%
Aucun quiz correspondant
Distribution des résultats
% des personnes avec chaque résultat
Percentile par nombre de réponses
Votre historique - résultats
Vous n’avez pas pris ce quiz